| 000 | 00546nam a2200157 i 4500 | ||
|---|---|---|---|
| 001 | 146377 | ||
| 003 | ES-MaACL | ||
| 007 | t| | ||
| 008 | 070907s1940 sp ||||1| spa d | ||
| 100 | 1 |
_aTribaldos y Tribaldos, Clemente. _9111388 |
|
| 245 | 1 | 0 |
_aNovísima Recopilación sobre arrendamientos urbanos / _cpor Clemente Tribaldos y Tribaldos ; prólogo de Leopoldo Huidobro Pardo. |
| 260 |
_aMadrid : _bEditorial Reus, _c1940. |
||
| 300 |
_a286 p. ; _c23 cm. |
||
| 700 | 1 |
_aHuidobro Pardo, Leopoldo. _964676 |
|
| 852 |
_aES-MaACL _jB-9214 _bR.18798 |
||
| 999 |
_c146377 _d146377 |
||